000 00598nam a2200205 a 4500
001 000012982
005 20200929163119.0
008 091118s1970 ve 001 f spa d
040 _aDO-SdBNP
_bspa
_cBNPHU
082 _aU863.44
_bS175t
100 1 _aSalsamendi, Asdrubal,
_929929
245 1 0 _aTodos sumamos cero /
_cAsdrubal Salsamendi.
260 _aCaracas, (Venezuela) :
_bMonte Ávila,
_c1970.
300 _a291, [2] ;
_c18 cm.
490 1 _aContinente
650 4 _aNovela uruguaya
_95679
650 4 _aLiteratura urugaya
_ySIGLO XX
_929930
830 0 _aContinente
_95070
049 _aBNGR
999 _c12629
_d12629